| 000 | 00853nam0a22002531 4500 | ||
|---|---|---|---|
| 001 | rc\2593476 | ||
| 005 | 20250623124434.0 | ||
| 035 | _a(NLR Aleph) 006757707 | ||
| 090 |
_a5811270 _c5811270 |
||
| 100 | _a20110914d1929 |||y0rusy50 ca | ||
| 101 | 0 | _arus | |
| 102 | _aRU | ||
| 105 | _aa z ||||| | ||
| 200 | 1 |
_aЗа лучшую организацию производства _fИ. Толстопятов |
|
| 210 |
_aМосква _cкнигоизд-во ВЦСПС _d1929 _gтип. РИО ВЦСПС |
||
| 215 |
_a63 с. _cдиагр. _d15х11 см. |
||
| 225 | 1 | _aБиблиотека работника фабзавместкома | |
| 700 | 1 |
_aТолстопятов _bИ.А. _gИван Александрович |
|
| 801 | 0 |
_aRU _bNLR _gpsbo |
|
| 801 | 1 |
_aRU _bELAR _2rusmarc |
|
| 852 |
_aNLR _j72/17 |
||
| 942 | _cBOOK | ||
| 980 | _aNB | ||